Central Library OPAC University of Rajshahi

Beyond the blossoming fields / (Record no. 63184)

MARC details
000 -LEADER
fixed length control field 01952nam a2200337 a 4500
001 - CONTROL NUMBER
control field 63184
003 - CONTROL NUMBER IDENTIFIER
rucl marc code BD-RjUL
005 - DATE AND TIME OF LATEST TRANSACTION
control field 20211209081152.0
008 - FIXED-LENGTH DATA ELEMENTS--GENERAL INFORMATION
fixed length control field 170128s2008 enk 000 1 eng d
020 ## - INTERNATIONAL STANDARD BOOK NUMBER
International Standard Book Number 9781846880643
035 ## - SYSTEM CONTROL NUMBER
System control number (BD-RjUL)63312
040 ## - CATALOGING SOURCE
Original cataloging agency UKM
Transcribing agency UKM
Modifying agency BTCTA
-- BD-RjUL
-- CUS
-- BWKUK
-- BWK
-- UPP
-- OBE
-- DLC
Language of cataloging eng
041 1# - LANGUAGE CODE
Language code of text/sound track or separate title eng
Language code of original jpn
082 ## - DEWEY DECIMAL CLASSIFICATION NUMBER
Classification number 895.635
Author mark and year WAB 2008
100 1# - MAIN ENTRY--PERSONAL NAME
Personal name Watanabe, Junʼichi,
Dates associated with a name 1933-
9 (RLIN) 188034
245 10 - TITLE STATEMENT
Title Beyond the blossoming fields /
Statement of responsibility, etc. Junʼichi Watanabe ; translated by Deborah Iwabuchi and Anna Isozaki.
260 ## - PUBLICATION, DISTRIBUTION, ETC. (IMPRINT)
Place of publication, distribution, etc. Richmond, U.K. :
Name of publisher, distributor, etc. Alma,
Date of publication, distribution, etc. 2008.
300 ## - PHYSICAL DESCRIPTION
Pagination 313 p. ;
Size 22 cm.
500 ## - GENERAL NOTE
General note Originally published: Tokyo : Kawade Shobō Shinsha, 1970.
520 ## - SUMMARY, ETC.
Summary, etc. As a young girl from a wealthy family, Ginko Ogino seems set for a conventional life in the male-dominated society of nineteenth-century Japan. But when she contracts gonorrhea from her husband, she suffers the disgrace of divorce. Forced to bear the humiliation of being treated by male doctors, she resolves to become a doctor herself in order to treat fellow female sufferers and spare them some of the shame she had to endure. Her struggle is not an easy one--her family disowns her, and she has to convince the authorities to take seriously the very idea of a female doctor and allow her to study alongside male medical students and take the licensing exam. Based on the real-life story of Ginko Ogino--Japan's first female doctor.--From publisher description.
600 10 - SUBJECT ADDED ENTRY--PERSONAL NAME
Personal name Ogino, Ginko,
Dates associated with a name 1851-1913
650 #0 - SUBJECT ADDED ENTRY--TOPICAL TERM
Topical term or geographic name as entry element Women physicians
Geographic subdivision Japan
Form subdivision Fiction.
9 (RLIN) 188036
651 #0 - SUBJECT ADDED ENTRY--GEOGRAPHIC NAME
Geographic name Japan
General subdivision History
Chronological subdivision 19th century
Form subdivision Fiction.
9 (RLIN) 188037
Geographic name Japan
General subdivision Social conditions
Form subdivision Fiction.
9 (RLIN) 187654
700 1# - ADDED ENTRY--PERSONAL NAME
Personal name Iwabuchi, Deborah Stuhr.
Personal name Isozaki, Anna Husson,
Dates associated with a name 1968-
942 ## - ADDED ENTRY ELEMENTS (KOHA)
Source of classification or shelving scheme Dewey Decimal Classification
Koha item type Books
Holdings
Lost status Source of classification or shelving scheme Damaged status Not for loan Collection code Permanent Location Current Location Shelving location Date acquired Source of acquisition Total Checkouts Full call number Date last seen Copy number Koha item type
  Dewey Decimal Classification   Not For Loan Fiction Central Library, University of Rajshahi Central Library, University of Rajshahi Reading Room 02/04/2009 Japanese literature,   895.635 WAB 2008 28/01/2017 C-1 Books